| 000 | 00836nam a22002777a 4500 | ||
|---|---|---|---|
| 001 | 10004 | ||
| 003 | FISKH | ||
| 005 | 20260325124708.0 | ||
| 008 | 260325b cb ||||| |||| 00| 0 eng d | ||
| 020 | _a0590476769 | ||
| 040 |
_aFISKH _beng _cFISKH _dFISKH |
||
| 050 | _aPZ8 .S3134 .S | ||
| 082 | _a813.54 | ||
| 100 |
_aScieszka, Jon _eAuthor |
||
| 245 |
_aThe stinky cheese man and other fairly stupid tales / _cBy Jon Scieszka & Lane Smith |
||
| 260 |
_aNew York : _bScholastic Inc. , _c1992 |
||
| 300 |
_a52 unnumbered pages : _bcolor illustrations ; _c27 cm |
||
| 505 | _aN | ||
| 520 | _aMadcap revisions of familiar fairy tales. | ||
| 521 | 8 |
_a550
_bLexile |
|
| 521 | 8 |
_aN
_bRaz-Plus |
|
| 650 |
_aPicture book _vRetelling |
||
| 650 |
_aChildren's literature _vFairy tale |
||
| 942 |
_2ddc _cBK _n0 |
||
| 999 |
_c10004 _d10004 |
||